Comentarios al Código Penal de la República Argentina. parte general / Volumen 1 :
Guardado en:
| Otros Autores: | , , , , |
|---|---|
| Formato: | Libro |
| Idioma: | Undetermined |
| Publicado: |
Buenos Aires :
B de F,
2023.
|
| Edición: | 1a. ed. |
| Materias: | |
| Etiquetas: |
Agregar Etiqueta
Sin Etiquetas, Sea el primero en etiquetar este registro!
|
| LEADER | 00825nam a22002415a 4500 | ||
|---|---|---|---|
| 001 | DER.der014968 | ||
| 008 | 240404s2023####ag############000#0#und#d | ||
| 005 | 20250910152051.0 | ||
| 245 | 1 | 0 | |a Comentarios al Código Penal de la República Argentina. |n Volumen 1 : |b parte general / |c dirigido por Ricardo Basílico; coordinado por Mariano Lema. |
| 250 | |a 1a. ed. | ||
| 260 | |a Buenos Aires : |b B de F, |c 2023. | ||
| 300 | |a 759 p. | ||
| 020 | |a 9789915650708 | ||
| 100 | 1 | |a Basílico, Ricardo., |e dir. | |
| 700 | 1 | |a Lema, Mariano N., |e coord. | |
| 700 | 1 | |a Zambrano Pasquel, Alfonso. | |
| 700 | 1 | |a Mallo, Patricia G. | |
| 700 | 1 | |a Laufer, Pablo. | |
| 700 | 1 | |a Wassouf, Ariel, |e col. | |
| 700 | 1 | |a Piagentini, Alejandro. | |
| 700 | 1 | |a Genchi, Belén, |e col. | |
| 650 | 7 | |a DERECHO PENAL | |
| 859 | |a DERECHO |b BIB. DERECHO |h 345.02 |i BAS |p 0010302 |3 1 | ||
